OCI pKa Werte - Statistiken

Allgemein
  • Dieses Quiz wurde 69 mal gespielt
    25 seit der letzten Aktualisierung
  • Das Durchschnittsergebnis liegt bei 25 aus 31
Antwortstatistiken
Bildquiz Hint Antwort % Korrekt
Protoniertes Amid 0
100%
Phenol 10
100%
Nitroverbindung 10
100%
Ammonium-Ion 10.5-11.5
100%
Amidinium-Ion 12.5
100%
Guanidinium-Ion 13.5
100%
Wasser 14
100%
Pyrrol 15
100%
Alkohol 16
100%
Acetylen 25
100%
Benzosulfonsäure -2.5
100%
Thioester 3.3
100%
Benzol 43
100%
Ethen 44
100%
Carbonsäure 4.5
100%
Anilinium-Ion 4.6
100%
Pyridinium-Ion 5.2
100%
Thiophenol 7
100%
β-Hydroxy-α,β-ungesättigtes Keton 9
100%
Hydrogencarbonat 10.3
67%
DBU 12
67%
Cyclopentadien 16
67%
Wasserstoff 36
67%
Toluol 41
67%
Methan 49
67%
Imidazolium-Kation 7
67%
Thiol 10-11
33%
Ethyldiisopropylamin 11.4
33%
KOtBu 19
33%
LHMDS 30
33%
LDA 36
0%
Keine übereinstimmenden Quizze gefunden
Verteilung der Resultate
Anzahl Personen mit jedem Resultat
Perzentil nach korrekt beantworteten Fragen
Ihre Resultats-Entwicklung
Sie haben dieses Quiz seit der letzten Aktualisierung nicht gespielt